Incas, la construcción de un Imperio /
nos introducimos en el corazón de los misterios que rodean a los antiguos pueblos precolombinos, Incas, Mayas y Aztecas. Penetramos en las profundidades de las míticas ciudades fantasmas de Tikal, Machu Pichu y Chichen Itza para desvelar las costumbres y la forma de vida de unas civilizaciones sorpr...
Guardado en:
| Autor Principal: | |
|---|---|
| Autor Corporativo: | |
| Formato: | |
| Publicado: |
Francia,
2007.
|
| Series: | Civilizaciones secretes. Los pueblos del Sol
|
| Materias: | |
| Etiquetas: |
Agregar Etiqueta
Sin Etiquetas, Sea el primero en etiquetar este registro!
|
| LEADER | 01221ngm a22002535g 4500 | ||
|---|---|---|---|
| 001 | CEM.cems023840 | ||
| 008 | 130507s2007##################0###0#####d | ||
| 005 | 20250707182601.0 | ||
| 245 | 1 | 0 | |a Incas, la construcción de un Imperio / |c Pierre Combroux. |
| 260 | |a Francia, |c 2007. | ||
| 300 | |a 50'. | ||
| 490 | 1 | |a Civilizaciones secretes. Los pueblos del Sol | |
| 520 | |a nos introducimos en el corazón de los misterios que rodean a los antiguos pueblos precolombinos, Incas, Mayas y Aztecas. Penetramos en las profundidades de las míticas ciudades fantasmas de Tikal, Machu Pichu y Chichen Itza para desvelar las costumbres y la forma de vida de unas civilizaciones sorprendentes que se levantaron en unas condiciones hostiles. Un mundo tan avanzado y sofisticado, como cruel y sangriento. | ||
| 538 | |a Soporte: DVD - Formato: AVI - Resolución: 688 x 464 - 25fps - Grabación DRD | ||
| 500 | |a Consultar en ventanilla. | ||
| 100 | 1 | |a Combroux, Pierre | |
| 710 | 2 | |a France Television Distribution. | |
| 082 | 3 | 5 | |/ COM |
| 653 | |a PROGRAMA DE TELEVISIÓN | ||
| 653 | |a DOCUMENTAL | ||
| 653 | |a INCA | ||
| 653 | |a MAYAS | ||
| 653 | |a AZTECAS | ||
| 859 | |a CEMS |b BIB. CEMS - Depto. Recursos Didacticos |h 351 |i COM |k DRD |p 2483.15 |t Ej.1 | ||
